Renault Models - Statistics

General Stats
  • This quiz has been taken 176 times
    166 since last reset
  • The average score is 11 of 20
Answer Stats
Picture Answer % Correct
Clio
92%
Twingo
85%
Megane
83%
5
77%
Captur
77%
4
76%
Kadjar
57%
Megane Conquest/Arkana
57%
5 Turbo
56%
Kangoo
56%
Master
53%
Espace
52%
Scénic
49%
Koleos
44%
Austral
43%
Traffic
39%
Symbioz
28%
Kwid
22%
16
17%
4CV
15%
No matching quizzes found
Score Distribution
Percent of People with Each Score
Percentile by Number Answered
Your Score History
You have not taken this quiz since the last reset